000 00451cam a2200181ua 4500
020 _a0-7069-2348-0
041 _aeng
_h
082 _a631.43
_bOSW/TE
100 _aOswal, M C .
245 _aText book of soil physics /
_cM C Oswal.
_hTextual Documents
250 _a1 /
_b.
260 _aNew Delhi :
_bVikas publishing house pvt ltd ,
_c1983.
300 _a214 ; .
504 _a
942 _cBK
999 _c5450
_d5450